<?xml version="1.0" encoding="UTF-8"?>
<record
    xmlns:xsi="http://www.w3.org/2001/XMLSchema-instance"
    xsi:schemaLocation="http://www.loc.gov/MARC21/slim http://www.loc.gov/standards/marcxml/schema/MARC21slim.xsd"
    xmlns="http://www.loc.gov/MARC21/slim">

  <leader>01263nam a22003257a 4500</leader>
  <controlfield tag="001">1497</controlfield>
  <controlfield tag="003">DO-SdBNP</controlfield>
  <controlfield tag="005">20171110085454.0</controlfield>
  <controlfield tag="007">1497</controlfield>
  <controlfield tag="008">161012b1925 sp ||| 00| 0 spa d</controlfield>
  <datafield tag="040" ind1=" " ind2=" ">
    <subfield code="a">BPMSU</subfield>
    <subfield code="b">spa</subfield>
    <subfield code="c">BPMSU</subfield>
  </datafield>
  <datafield tag="082" ind1=" " ind2="4">
    <subfield code="a">508 </subfield>
    <subfield code="b">H673n</subfield>
  </datafield>
  <datafield tag="245" ind1="0" ind2="0">
    <subfield code="a">Historia natural / </subfield>
    <subfield code="c">direcci&#xF3;n de la obra &#xC1;ngel Cabrera Latorre</subfield>
  </datafield>
  <datafield tag="250" ind1=" " ind2=" ">
    <subfield code="a">Edici&#xF3;n Maribel Arrabal, Jaime Rovira.</subfield>
  </datafield>
  <datafield tag="260" ind1=" " ind2=" ">
    <subfield code="a">Barcelona : </subfield>
    <subfield code="b">Oceano-Instituto Gallach,</subfield>
    <subfield code="c">[19--]</subfield>
  </datafield>
  <datafield tag="300" ind1=" " ind2=" ">
    <subfield code="a">6 v. : </subfield>
    <subfield code="b">il. [col.], mapas ;</subfield>
    <subfield code="c">30 cm.</subfield>
  </datafield>
  <datafield tag="500" ind1=" " ind2=" ">
    <subfield code="a">Incluye &#xED;ndice.</subfield>
  </datafield>
  <datafield tag="505" ind1=" " ind2=" ">
    <subfield code="a">v.1. Vertebrados I --  v. 2 Vertebrados II ; Invertebrados I . -- v. 3  Invertebrados II. --v. 4 Vegetales I . -- v. 5 Vegetales II ;Geolog&#xED;a I  -- v. 6 Geolog&#xED;a II ; Paleontolog&#xED;a ; El origen de la vida.</subfield>
  </datafield>
  <datafield tag="650" ind1=" " ind2="4">
    <subfield code="a">HISTORIA NATURAL  </subfield>
    <subfield code="v">ENCICLOP&#xC9;DIAS </subfield>
  </datafield>
  <datafield tag="650" ind1=" " ind2=" ">
    <subfield code="a">VERTEBRADOS </subfield>
    <subfield code="v">ENCICLOPEDIAS </subfield>
  </datafield>
  <datafield tag="650" ind1=" " ind2="4">
    <subfield code="a">INVERTEBRADOS </subfield>
    <subfield code="v">ENCICLOP&#xC9;DIAS </subfield>
  </datafield>
  <datafield tag="650" ind1=" " ind2="4">
    <subfield code="a">BOT&#xC1;NICA </subfield>
    <subfield code="v">ENCICLOP&#xC9;DIAS </subfield>
  </datafield>
  <datafield tag="650" ind1=" " ind2="4">
    <subfield code="a">GEOLOG&#xCD;A </subfield>
    <subfield code="v">ENCICLOP&#xC9;DIAS </subfield>
  </datafield>
  <datafield tag="650" ind1=" " ind2="4">
    <subfield code="a">PALEONTOG&#xCD;A  </subfield>
    <subfield code="v">ENCICLOP&#xC9;DIAS </subfield>
  </datafield>
  <datafield tag="700" ind1="1" ind2="2">
    <subfield code="a">Prats Estivill, Jos&#xE9; Mar&#xED;a,  </subfield>
    <subfield code="e">ed. </subfield>
  </datafield>
  <datafield tag="910" ind1=" " ind2=" ">
    <subfield code="a">Validado. Control de calidad MFF</subfield>
  </datafield>
  <datafield tag="942" ind1=" " ind2=" ">
    <subfield code="2">ddc</subfield>
    <subfield code="c">BK</subfield>
  </datafield>
  <datafield tag="945" ind1=" " ind2=" ">
    <subfield code="a">Invetariado extranjero / 2017 VM</subfield>
  </datafield>
  <datafield tag="952" ind1=" " ind2=" ">
    <subfield code="0">0</subfield>
    <subfield code="1">0</subfield>
    <subfield code="2">ddc</subfield>
    <subfield code="4">0</subfield>
    <subfield code="7">0</subfield>
    <subfield code="8">CG</subfield>
    <subfield code="a">BPMET</subfield>
    <subfield code="b">BPMET</subfield>
    <subfield code="d">2016-10-12</subfield>
    <subfield code="e">Donado Fundaci&#xF3;n Econom&#xED;a y Desarrollo</subfield>
    <subfield code="l">0</subfield>
    <subfield code="o">508  H673n</subfield>
    <subfield code="p">BPMET16100124</subfield>
    <subfield code="r">2016-10-12</subfield>
    <subfield code="t">v. 2</subfield>
    <subfield code="w">2016-10-12</subfield>
    <subfield code="y">BK</subfield>
  </datafield>
  <datafield tag="952" ind1=" " ind2=" ">
    <subfield code="0">0</subfield>
    <subfield code="1">0</subfield>
    <subfield code="2">ddc</subfield>
    <subfield code="4">0</subfield>
    <subfield code="7">0</subfield>
    <subfield code="8">CG</subfield>
    <subfield code="a">BPMET</subfield>
    <subfield code="b">BPMET</subfield>
    <subfield code="d">2016-10-12</subfield>
    <subfield code="e">Donado Fundaci&#xF3;n Econom&#xED;a y Desarrollo</subfield>
    <subfield code="l">0</subfield>
    <subfield code="o">508  H673n</subfield>
    <subfield code="p">BPMSU16100125</subfield>
    <subfield code="r">2016-10-12</subfield>
    <subfield code="t">v. 3</subfield>
    <subfield code="w">2016-10-12</subfield>
    <subfield code="y">BK</subfield>
  </datafield>
  <datafield tag="952" ind1=" " ind2=" ">
    <subfield code="0">0</subfield>
    <subfield code="1">0</subfield>
    <subfield code="2">ddc</subfield>
    <subfield code="4">0</subfield>
    <subfield code="7">0</subfield>
    <subfield code="8">CG</subfield>
    <subfield code="a">BPMET</subfield>
    <subfield code="b">BPMET</subfield>
    <subfield code="d">2016-10-12</subfield>
    <subfield code="e">Donado Fundaci&#xF3;n Econom&#xED;a y Desarrollo</subfield>
    <subfield code="l">0</subfield>
    <subfield code="o">508  H673n</subfield>
    <subfield code="p">BPMSU6100126</subfield>
    <subfield code="r">2016-10-12</subfield>
    <subfield code="t">v. 4</subfield>
    <subfield code="w">2016-10-12</subfield>
    <subfield code="y">BK</subfield>
  </datafield>
  <datafield tag="952" ind1=" " ind2=" ">
    <subfield code="0">0</subfield>
    <subfield code="1">0</subfield>
    <subfield code="2">ddc</subfield>
    <subfield code="4">0</subfield>
    <subfield code="7">0</subfield>
    <subfield code="8">CG</subfield>
    <subfield code="a">BPMET</subfield>
    <subfield code="b">BPMET</subfield>
    <subfield code="d">2016-10-12</subfield>
    <subfield code="e">Donado Fundaci&#xF3;n Econom&#xED;a y Desarrollo</subfield>
    <subfield code="l">0</subfield>
    <subfield code="o">508  H673n</subfield>
    <subfield code="p">BPMSU16100127</subfield>
    <subfield code="r">2016-10-12</subfield>
    <subfield code="t">v. 5</subfield>
    <subfield code="w">2016-10-12</subfield>
    <subfield code="y">BK</subfield>
  </datafield>
  <datafield tag="952" ind1=" " ind2=" ">
    <subfield code="0">0</subfield>
    <subfield code="1">0</subfield>
    <subfield code="2">ddc</subfield>
    <subfield code="4">0</subfield>
    <subfield code="7">0</subfield>
    <subfield code="8">CG</subfield>
    <subfield code="a">BPMET</subfield>
    <subfield code="b">BPMET</subfield>
    <subfield code="d">2016-10-12</subfield>
    <subfield code="e">Donado Fundaci&#xF3;n Econom&#xED;a y Desarrollo</subfield>
    <subfield code="l">0</subfield>
    <subfield code="o">508  H673n</subfield>
    <subfield code="p">BPMSU16100128</subfield>
    <subfield code="r">2016-10-12</subfield>
    <subfield code="t">v. 6</subfield>
    <subfield code="w">2016-10-12</subfield>
    <subfield code="y">BK</subfield>
  </datafield>
  <datafield tag="956" ind1=" " ind2=" ">
    <subfield code="a">VMATEO</subfield>
    <subfield code="b">10</subfield>
    <subfield code="c">20161012</subfield>
    <subfield code="d">BPMSU</subfield>
    <subfield code="f">0069</subfield>
  </datafield>
  <datafield tag="999" ind1=" " ind2=" ">
    <subfield code="c">11546</subfield>
    <subfield code="d">11546</subfield>
  </datafield>
</record>
